Understanding genetics : (Record no. 19275)

000 -LEADER
fixed length control field 00625cam a2200205 a 4500
020 ## - INTERNATIONAL STANDARD BOOK NUMBER
ISBN 0471588229
020 ## - INTERNATIONAL STANDARD BOOK NUMBER
ISBN 0471594156 (International ed.)
040 ## - CATALOGING SOURCE
Transcribing agency DLC
082 00 - DEWEY DECIMAL CLASSIFICATION NUMBER
Classification number 611 USA 1993 C161 Or.
100 1# - MAIN ENTRY--AUTHOR NAME
Personal name Rothwell, Norman V
245 10 - TITLE STATEMENT
Title Understanding genetics :
Remainder of title a molecular approach /
260 ## - PUBLICATION, DISTRIBUTION, ETC. (IMPRINT)
Place of publication New York :
Name of publisher Wiley-Liss,
Year of publication c1993
300 ## - PHYSICAL DESCRIPTION
Number of Pages xvi, 656 p. :
Other physical details ill. (some col.) ;
Dimensions 27 cm
650 #0 - SUBJECT ADDED ENTRY--TOPICAL TERM
Topical Term Human molecular genetics
650 #0 - SUBJECT ADDED ENTRY--TOPICAL TERM
Topical Term Human genetics
650 12 - SUBJECT ADDED ENTRY--TOPICAL TERM
Topical Term Genetics, Biochemical
650 22 - SUBJECT ADDED ENTRY--TOPICAL TERM
Topical Term Molecular Biology
856 4# - ELECTRONIC LOCATION AND ACCESS
Uniform Resource Identifier http://www.loc.gov/catdir/toc/onix04/92036402.html
942 ## - ADDED ENTRY ELEMENTS (KOHA)
Koha item type ADB
952 ## - LOCATION AND ITEM INFORMATION (KOHA)
Withdrawn status [LOCAL, KOHA] 0
952 ## - LOCATION AND ITEM INFORMATION (KOHA)
Withdrawn status [LOCAL, KOHA] 0
952 ## - LOCATION AND ITEM INFORMATION (KOHA)
Withdrawn status [LOCAL, KOHA] 0
Holdings
Source of acquisition Permanent Location Date acquired Koha item type Lost status Shelving location Current Location Full call number
A37166Library Block C2020-09-02សៀវភៅភាសាអង់គ្លេស C161Library Block C611 USA 1993 C161 Or.
 Library Block C2020-09-02សៀវភៅភាសាអង់គ្លេស  Library Block C611 USA 1993 C161 Or.
A37166Library Block C2020-09-28សៀវភៅភាសាអង់គ្លេស C166Library Block C611 USA 1993 C161 Or.
មជ្ឈមណ្ឌលឯការនៃសាកលវិទ្យាល័យភូមិន្ទកសិកម្មចំការដូង

Powered by Koha